000 00330nam a22001097a 4500
999 _c5481
_d5481
008 170504b xxu||||| |||| 00| 0 eng d
020 _a978-0-07-351540-3
082 _a306.85'973 HAL
100 _aHALL,DAVID M.
245 _aTAKING SIDES:CLASHING VIEWS IN FAMILY AND PERSONAL RELATIONSHIPS
260 _aNEW YORK,
_bMC GRAW HILL,
_c2010.